00720nam a2200205 i 4500001000300000100002600003245009500029260006000124300003300184504003600217650003800253700002300291700002000314020001500334040000800349041000700357080001100364008004100375856009800416bg1 aGARCIA-MOLINA, Hector10aDatabase system implementation /cHector Garcia-Molina, Jeffrey D. Ullman, Jennifer Widom. aUpper Saddle River, New Jersey :bPrentice Hall,c2000. aXV, 653 s. :brys. ;c24 cm. aBibliogr. przy rozdz. - Indeks. 9aBaza danychxbudowa i organizacja1 aULLMAN, Jeffrey D.1 aWIDOM, Jennifer a0130402648 cBPK0 aen a004.65 s pl f |000 0 pol  uhttp://koha.tu.koszalin.pl/cgi-bin/koha/opac-detail.pl?biblionumber=36813yKatalog online BPK